20 Biggest Cities in the United States in 1850 - Statistics

General Stats
  • This quiz has been taken 103 times
  • The average score is 12 of 20
Answer Stats
Population City % Correct
515,547 New York City
99%
121,376 Philadelphia
98%
136,881 Boston
96%
40,001 Washington D.C.
91%
169,054 Baltimore
88%
46,601 Pittsburgh
83%
42,261 Buffalo
72%
41,513 Providence
67%
116,375 New Orleans
66%
50,763 Albany
65%
115,435 Cincinnati
62%
38,894 Newark
62%
77,860 Saint Louis
60%
42,985 Charleston
52%
36,403 Rochester
48%
43,194 Louisville
38%
47,223 Northern Liberties
12%
38,799 Southwark
7%
46,774 Kensington
2%
58,894 Spring Garden
2%
No matching quizzes found
Score Distribution
Percent of People with Each Score
Percentile by Number Answered
Your Score History
You have not taken this quiz